000 00698nab a22002297a 4500
001 07641
003 HDC
007 cr bn ---aaaaa
008 210128c20180301my ||||| |||| 00| 0 may d
040 _aHDC
245 0 _aKhasiat pati sebenar buah zaitun
336 _atext
_2rdacontent
337 _acomputer
_2rdamedia
338 _aonline resource
_2rdacarrier
650 _aFood processing plants
_97807
650 _aOlive
_97806
710 _aHarian Metro
856 _zRequest full-text at [email protected]
942 _2lcc
942 _cNEWS
942 _kNWSC 002037
999 _c4964
_d4964